Annie Besant as woman and as leader. (Record no. 57297)

MARC details
000 -LEADER
fixed length control field 00636cam a22002291 4500
001 - CONTROL NUMBER
control field sa 64002369
003 - CONTROL NUMBER IDENTIFIER
control field DLC
005 - DATE AND TIME OF LATEST TRANSACTION
control field 20260227112009.0
008 - FIXED-LENGTH DATA ELEMENTS--GENERAL INFORMATION
fixed length control field 790713s1962 ii c 000 0beng
010 ## - LIBRARY OF CONGRESS CONTROL NUMBER
LC control number sa 64002369
035 ## - SYSTEM CONTROL NUMBER
System control number (OCoLC)5166839
040 ## - CATALOGING SOURCE
Original cataloging agency DLC
Transcribing agency MnMohC
Modifying agency DLC
042 ## - AUTHENTICATION CODE
Authentication code premarc
050 00 - LIBRARY OF CONGRESS CALL NUMBER
Classification number BF585.B3
Item number P7 1962
100 0# - MAIN ENTRY--PERSONAL NAME
Personal name Śrīprakāśa,
Dates associated with a name 1890-1971.
245 10 - TITLE STATEMENT
Title Annie Besant as woman and as leader.
250 ## - EDITION STATEMENT
Edition statement [3d ed.]
260 ## - PUBLICATION, DISTRIBUTION, ETC.
Place of publication, distribution, etc. Bombay,
Name of publisher, distributor, etc. Bharatiya Vidya Bhavan,
Date of publication, distribution, etc. 1962.
300 ## - PHYSICAL DESCRIPTION
Extent 231 p.
Other physical details ports.
Dimensions 18 cm.
440 #0 - SERIES STATEMENT/ADDED ENTRY--TITLE
Title Bhavans̓ book university,
Volume/sequential designation 24
600 10 - SUBJECT ADDED ENTRY--PERSONAL NAME
Personal name Besant, Annie,
Dates associated with a name 1847-1933.

No items available.

Powered by Koha